000
00313nam a2200121 a 4500
005
20140414131910.0
008
101011s19uu xx 00 eng d
050
_a
ER
_b
B56 1982
100
_a
Nicely, Timothy
245
_a
Blastoff :
_b
Learning about the planets.
260
_b
Superscope,
_c
1982.
999
_c
111165
_d
111165